| 000 | 00540nam a22001937a 4500 | ||
|---|---|---|---|
| 999 |
_c5658 _d5658 |
||
| 003 | GBCCL | ||
| 005 | 20241126110547.0 | ||
| 008 | 180403b ||||| |||| 00| 0 eng d | ||
| 020 | _a0551007982 | ||
| 040 | _cgbc | ||
| 082 |
_a248.3 _bCOT |
||
| 100 |
_aCotterell, Peter _97594 |
||
| 245 |
_aWhat Next?: _bIdeas for Worship, Thoughts, Discussion, Action / _cPeter Cotterell |
||
| 260 |
_aLondon: _bMarshall, Morgan & Scott, _c1979 |
||
| 300 |
_a125 p.; _c17 cm. |
||
| 650 |
_aWorship _9444 |
||
| 650 |
_aChristian life _9183 |
||
| 942 |
_2ddc _cBK |
||